000
00298nam a22001337a 4500
008
181218b xxu||||| |||| 00| 0 eng d
020
_a
0815173121
041
_a
eng
080
_a
616.5
100
_a
7
101
_a
DER
245
_a
Fundamentals of Skin Biopsy
_c
Robinson, J.K
942
_2
udc
_c
BK
999
_c
53398
_d
53398